=LDR 00000nam 2200000 4500 =001 INLIS000000000031159 =005 20130612133240 =008 ***********************************Ind** =035 ##$$a0010-061300000031159 =041 ##$$a Ind =082 ##$$a 610.730 69 =090 ##$$a 610.730 69, Mub i =100 ##$$a Mubarak, Wahid Iqbal =245 ##$$a Ilmu keperawatan komunitas konsep dan aplikasi, Wahid Iqbal Mubarak =260 ##$$a 2009 $b Jakarta =300 ##$$a vii, 258 hlm, ilus, 21 cm =650 ##$$a Perawat dan Perawatan =850 ##$$a NBPNMAT =990 ##$$a 92382/BPAP-NTB/2014